Finnish the name horror - Statistics

General Stats
  • This quiz has been taken 75 times
  • The average score is 10 of 14
Answer Stats
Hint Answer % Correct
Leather Face
91%
Ghost Face
91%
Micheal Myers
89%
Jig Saw
85%
Penny Wise
85%
Freddy Krueger
84%
Pin Head
80%
hannibal lecter
78%
Jason Voorhees
69%
Norman Bates
65%
The moth Man
55%
Art The clown
51%
Anne Belle
45%
Chu Cky
45%
No matching quizzes found
Score Distribution
Percent of People with Each Score
Percentile by Number Answered
Your Score History
You have not taken this quiz